Keys to Leadership Success : Leadership Excellence (DVD 4) [

Bibliographic Details
Other Authors: Dr. Victor S.L. Tan
Format: Book
Language:Malay
Published: Bangi : Institut Penilaian Negara , 2014
Series:Success Talk Series
Subjects:

MARC

LEADER 00000cam a2200000 7i4500
001 0000025995
005 20150521.0
008 210515 my v may
040 |a INS 
090 0 0 |a VCD 2310 
245 0 0 |a Keys to Leadership Success :   |b Leadership Excellence (DVD 4) [  |h video disc]   |f 18 September 2014 
260 |a Bangi :   |b Institut Penilaian Negara ,   |c 2014 
300 |a 1 video disc (59 min.) :   |b sd., col. ;   |c 4 3/4 in. 
490 1 |a Success Talk Series 
650 0 |a Leadership 
700 1 |a Dr. Victor S.L. Tan 
999 |a VCD0002310   |b VIDEO CD   |c Media Collection   |e Default branch